000 00711cam a22002411 4500
001 he 67002561
003 DLC
005 20260227111452.0
008 840703s1965 is a 000 0 heb
010 _ahe 67002561
035 _a(OCoLC)19167206
040 _aDLC
_cMH
_dCU
_dDLC
041 1 _aheb
_hfre
050 0 0 _aPQ1831
_b.A6
100 1 _aMolière,
_d1622-1673.
240 1 0 _aDom Juan.
_lHebrew
245 1 0 _aDon Z'uʼan /
_cMolyer ; tirgem Natan Alterman.
260 _a[Tel Aviv] :
_bha-Ḳibuts ha-meʼuḥad,
_c725 [1965]
300 _a81 p. :
_bill. ;
_c22 cm.
500 _aTranslation of Don Juan.
650 0 _aDon Juan (Legendary character)
_vDrama.
700 1 _aAlterman, Nathan,
_d1910-1970.
999 _c32820
_d32820